Silverlight 1.0

In these color-filled pages, a crack team of Wrox experts gives you a comprehensive introduction to Silverlight. You'll see the vivid graphics and video images you can achieve. You will learn to use the component languages, tools, and techniques of Silverlight to create applications that enhanc...

Full description

Saved in:
Bibliographic Details
Format: Book
Language:Undetermined
Published: Indianapolis, IN Wiley Pub. 2008
Subjects:
Tags: Add Tag
No Tags, Be the first to tag this record!
Institutions: Trung tâm Học liệu Trường Đại học Cần Thơ
LEADER 01310nam a2200205Ia 4500
001 CTU_164511
008 210402s9999 xx 000 0 und d
020 |c 39.99 
082 |a 006.7 
082 |b S587 
245 0 |a Silverlight 1.0 
245 0 |c Devin Rader... [et al.] 
260 |a Indianapolis, IN 
260 |b Wiley Pub. 
260 |c 2008 
520 |a In these color-filled pages, a crack team of Wrox experts gives you a comprehensive introduction to Silverlight. You'll see the vivid graphics and video images you can achieve. You will learn to use the component languages, tools, and techniques of Silverlight to create applications that enhance the user experience. You'll also discover how to leverage existing technologies, such as JavaScript(r), XAML, ASP.NET, and AJAX, and incorporate them with development tools like Visual Studio(r), Expression(r) Encoder, and Expression Blend. Soon you'll be building everything from basic static pages to Internet applications that integrate rich media and animation. 
650 |a Silverlight (Electronic resource),Multimedia systems,Web sites,Application software,Hệ thống đa phương tiện,Trang web 
650 |x design,Development,Thiết kế 
910 |a Nguyên 
980 |a Trung tâm Học liệu Trường Đại học Cần Thơ